00587nam a2200217Ia 4500008004100000020001800041050001900059050001800078100001800096245001400114245003200128245005000160250001600210260001600226260002500242260000900267300001700276300001200293500005100305650001300356180523s9999 xx 000 0 und d a981-254-945-5 aMAIN QH 307.2  b.S73 2005 c.1 aStarr, Cecie. 0aBiology : 0bconcepts and applications / 0cCecie Starr; Lisa Starr, biology illustrator. a5th Edition aAustralia : bThomson-Brooks/Cole, c2005 a799 pages :  c24 cm.  aIncludes bibliographical references and index. aBiology.